Zmeny právnych predpisov.

Nové zákony SR v súvislosti so vznikom samostatnej Slovenskej republiky od 1.1.1993. Zákon o Národnej poisťovni a nový systém sociálneho zabezpečenia. Zákon o štátnom rozpočte SR na rok 1993. Zmeny zákonov v oblasti sociálneho zabezpečenia. Zmeny a doplnenie niektorých právnych predpisov v oblasti n...

Descripción completa

Guardado en:
Detalles Bibliográficos
Autor principal: Litvínová, M.
Formato: Capítulo de libro
Lenguaje:eslovaco
Materias:
Etiquetas: Agregar Etiqueta
Sin Etiquetas, Sea el primero en etiquetar este registro!

MARC

LEADER 00000naa a2200000 4500
001 r012413
005 20220826093806.1
041 0 |a slo 
044 |a SK 
245 1 0 |a Zmeny právnych predpisov.  |c M. Litvínová 
520 |a Nové zákony SR v súvislosti so vznikom samostatnej Slovenskej republiky od 1.1.1993. Zákon o Národnej poisťovni a nový systém sociálneho zabezpečenia. Zákon o štátnom rozpočte SR na rok 1993. Zmeny zákonov v oblasti sociálneho zabezpečenia. Zmeny a doplnenie niektorých právnych predpisov v oblasti nemocenského poistenia zamestnancov a zabezpečenie družstevných roľníkov. 
610 2 0 |a Národná poisťovňa Bratislava 
610 2 0 |a zabezpečenie sociálne 
610 2 0 |a poistenie nemocenské 
610 2 0 |a Slovensko 
610 2 0 |a 1993 
610 2 0 |a predpisy právne 
610 2 0 |a valorizácia 
100 1 |a Litvínová, M.